000 00500nam a2200157 4500
001 133089
003 ES-MaACL
005 20230906194325.0
007 t|
008 070214q1952 sp r ||||1| spa d
100 1 _aRubia Rincón, Luis de la.
_9100309
245 1 0 _aTablas para el replanteo de curvas circulares
_b: (graduación centesimal) /
_cpor Luis de la Rubia Rincón.
260 _aMadrid :
_bDossat,
_c[1952?]
300 _a173 p. :
_bil. ;
_c20 cm.
852 _aES-MaACL
_jD-8251
_bR.32951
999 _c133089
_d133089